Statistics for Largest Country Subdivisions - Area

Click here to take the quiz!

General Stats

  • This quiz has been taken 10 times
  • The average score is 21 of 30

Answer Stats

CountryArea (km2)Subdivision% Correct
United States1,717,854Alaska
100%
Denmark (Overseas)2,166,086Greenland
100%
Australia1,419,630Northern Territory
100%
Canada1,076,395Ontario
100%
Canada1,542,056Quebec
100%
Australia1,851,736Queensland
100%
United States696,241Texas
100%
Canada661,848Alberta
90%
Canada944,735British Columbia
90%
Australia809,952New South Wales
90%
Canada2,038,722Nunavut
90%
Canada651,900Saskatchewan
90%
Australia2,642,753Western Australia
90%
Brazil1,559,167Amazonas
80%
Canada1,346,106Northwest Territories
80%
Russia3,083,523Sakha
80%
China1,664,897Xinjiang
80%
China1,228,400Xizang (Tibet)
80%
Australia1,044,353South Australia
70%
Russia2,366,797Krasnoyarsk
60%
Brazil903,207Mato Grosso
50%
China1,183,000Inner Mongolia
40%
Russia774,876Irkutsk
40%
Brazil1,245,870Pará
40%
Niger667,799Agadez
30%
Saudi Arabia672,522{Eastern} Province
30%
Russia787,633Khabarovsk
30%
Russia769,250Yamalia
30%
Russia721,487Chukotka
20%
China721,000Qinghai
10%

Score Distribution

Percentile by Number Answered

Percent of People with Each Score

Your Score History

You have not taken this quiz